00705cam a22002294a 4500001000500000005001700005020001500022040002300037050001500060082001000075100001600085245003900101250004700140260003700187300005900224505000800283520009000291521002900381521002000410650003300430650001200463347520240311110037.0 a043917208X aDLCcDLCdDLCbeng00aQL467.B36500a595.71 aBarner, Bob10aBugs! Bugs! Bugs! /cby Bob Barner aFirst Scholastic printing , February 2000  aNew York : bScholastic , c1999 a31 unnumbered pages : bcolor illustrations ; c21 cm. aD  aA nonsense rhyme introduces children to familiar bugs. Includes a fun facts sections. a160 bLexile estimate  aD bRaz-Plus  0aInsectsxJuvenile literature 1aInsects